008130000a22002410004500003001100000005001700011008004100028020001500069040003900084041000800123082001600131100002200147245006800169260003200237300002200269500005800291650004700349650003600396650002800432942000700460952009100467999001300558LK-CoMWRAF20230923071717.0230817t1998 ||||| |||| 00| 0 eng d a0710305990 aLK-CoMWRAFdLK-CoMWRAFeLK-CoMWRAF aeng a297.57bKAM aKamalkhani, Zahra aWomen's Islam :bReligious practice among women In today's Iran aLondon :bKegan Paul,c1998 avii,203p. ; 23cm. aBibliography note: Includes bibliography and indices. aMuslim women -- Iran -- Social conditions  aWomen -- Religious life -- Iran aReligious life -- Islam cBK 00104070aMAINbMAINd2023-08-17l0o297.57 KAMpRAF1296r2023-08-17w2023-08-17yBK c430d430